| 000 | 00531 a2200205 4500 | ||
|---|---|---|---|
| 005 | 20240517124429.0 | ||
| 010 | _aB-759097 | ||
| 020 |
_a9789354711282 _c250.00 |
||
| 035 | _aB-759097 | ||
| 037 | _bGift | ||
| 082 | _aN | ||
| 100 |
_aMartin, Ann M. _966340 |
||
| 245 |
_aBaby Sitters Little Sister Karen's Grandmother/ _cAnn M. Martin |
||
| 260 |
_aUK _bScholastic Inc. _c2022 |
||
| 270 |
_aUK _bUK |
||
| 300 |
_a108 p. _c19cm (Pb) |
||
| 700 | _966330 | ||
| 942 |
_adpl _cCH _2ddc _hN _mMAR |
||
| 999 |
_c202940 _d202940 |
||